Weather Report - All Members - Statistics

General Stats
  • This quiz has been taken 4 times
  • The average score is 2 of 32
Answer Stats
Instruments Years Active Answer % Correct
Electric bass • drums • percussion 1976–1982 Jaco Pastorius
100%
Keyboards • synth 1970–1987 Joe Zawinul
67%
Drums • percussion 1975–1978 Alex Acuña
33%
Soprano • tenor saxophone 1970–1986 Wayne Shorter
33%
Percussion 1971 Airto Moreira
0%
Drums • vocals 1970–1972 Alphonse Mouzon
0%
Electric bass 1973–1976 Alphonso Johnson
0%
Percussion 1974–1975 Alyrio Lima
0%
English horn • electric bass 1972–1973 Andrew White
0%
Percussion 1970–1971 Barbara Burton
0%
Drums 1975–1976 Chester Thompson
0%
Drums 1974 Chuck Bazemore
0%
Drums 1973–1974 Darryl Brown
0%
Percussion 1971–1974 Dom Um Romāo
0%
Percussion 1970–1971 • 1975–1977 Don Alias
0%
Drums 1972–1973 Eric Gravatt
0%
Drums 1973 Greg Errico
0%
Drums 1972–1973 Herschel Dwellingham
0%
Drums 1973–1974 Ishmael Wilburn
0%
Electric guitar 1986 John Scofield
0%
Percussion • concertina 1982–1984 José Rossy
0%
Drums 1974–1975 Leon "Ndugu" Chancler
0%
Percussion • vocals 1977–1978 Manolo Badrena
0%
Percussion • vocals • acoustic guitar 1984–1986 Mino Cinélu
0%
Acoustic • electric bass 1970–1973 Miroslav Vitouš
0%
Percussion 1972–1973 Muruga Booker
0%
Drums 1976 Narada Michael Walden
0%
Drums • percussion • guitar 1982–1986 Omar Hakim
0%
Drums • percussion 1978–1982 • 1986–1987 Peter Erskine
0%
Percussion 1980–1982 • 1986–1987 Robert Thomas Jr.
0%
Electric guitar 1986–1987 Steve Khan
0%
Electric bass 1982–1987 Victor Bailey
0%
No matching quizzes found
Score Distribution
Percent of People with Each Score
Percentile by Number Answered
Your Score History
You have not taken this quiz